Olivia Rodrigo - Devine la chanson sans indices #16 - Statistiques

Statistiques générales
  • Ce quiz a été pris 93 fois
  • Le résultat moyen est 139 sur 275
Statistiques - réponses
Paroles % Correct
I
100%
A
97%
a
97%
ah
97%
you
94%
You
94%
the
87%
be
76%
am
75%
an
71%
me
71%
me,
71%
go?
69%
So
69%
so
69%
your
66%
(I'm
65%
I'm
65%
my
65%
in
63%
that
62%
all
60%
And
60%
girl
60%
I've
60%
on
59%
always
57%
been
57%
been,
57%
But
56%
know
54%
then,
53%
you're
53%
can't
49%
Don't
49%
don't
49%
get
49%
who
49%
(Are
47%
have
46%
say
46%
Say
46%
Yeah
46%
Yeah,
46%
men
44%
got
41%
I'll
40%
not
38%
thing
35%
with
34%
as
31%
friends
31%
head
31%
I'd
31%
That's
31%
told
31%
"Baby
29%
bed
29%
could
29%
how
29%
if
29%
knew
29%
Now
29%
out
29%
out,
29%
never
28%
inside
26%
scare
26%
up
26%
anymore
25%
changed"
25%
panic
25%
perfect
25%
10
24%
again)
24%
again
24%
call
24%
name
24%
nothin'
24%
rooms
24%
doll,
22%
everything
22%
from
22%
right
22%
wind
22%
years
22%
you'd
22%
door
21%
down
21%
turn
21%
beginnin'
19%
candle
19%
empty
19%
5,
18%
8
18%
ask
18%
become
18%
cold
18%
couch,
18%
different
18%
tears
18%
woke
18%
6,
16%
7,
16%
actin'
16%
fightin'
16%
game
16%
gonna
16%
walkin'
16%
Well,
16%
beyond
15%
captors
15%
crooked
15%
cruel
15%
Ready?
15%
ready?)
15%
trash
15%
over
13%
parade
13%
dreamed
12%
tongue
12%
case,
10%
gettin'
10%
venom
10%
wrapped
10%
consistent
9%
Cursin'
9%
rained
6%
Aucun quiz correspondant
Distribution des résultats
% des personnes avec chaque résultat
Percentile par nombre de réponses
Votre historique - résultats
Vous n’avez pas pris ce quiz